| 000 | 00937nam a2200241 i 4500 | ||
|---|---|---|---|
| 001 | 21817 | ||
| 003 | ES-MaACL | ||
| 005 | 20251004063047.0 | ||
| 007 | t| | ||
| 008 | 021127s1970 sp ||||1| spa d | ||
| 080 | _a27-46 | ||
| 100 | 0 |
_aAlmarcha Hernández, Luis, _cObispo de león _920098 |
|
| 245 | 1 | 0 |
_aEscritos doctrinales y pastorales. _nIII / _cLuis Almarcha Hernández. |
| 260 |
_aLeón : _bCentro de Estudios e Investigación "San Isidoro" : _bArchivo Histórico Diocesano, _c1970. |
||
| 300 |
_a504 p. ; _c24 cm. |
||
| 490 | 1 |
_aEscritos del Excmo. y Rvdmo. Sr. Dr. D. Luis Almarcha Hernández, obispo de León ; _v3 |
|
| 650 | 0 | 7 |
_aTeología pastoral _2embne _917472 |
| 710 | 2 |
_aCentro de Estudios e Investigación "San Isidoro" _9134242 |
|
| 710 | 2 |
_aArchivo Histórico Diocesano de León. _9144237 |
|
| 830 | 1 | 0 |
_aEscritos _v3 _9231455 |
| 852 |
_aES-MaACL _jE-13748 _xOlim P-660 |
||
| 999 |
_c21817 _d21817 |
||